|
|
|
|
| LEADER |
00787pam a22002418a 4500 |
| 001 |
00021300 |
| 005 |
20171026081023.0 |
| 008 |
110523s1974 ||||||Viesd |
| 041 |
0 |
# |
|a Vie
|
| 082 |
1 |
4 |
|a 860
|b TH460P
|
| 100 |
0 |
# |
|a Neeeerruda, Pablô
|
| 245 |
0 |
0 |
|a Thơ Pablô Nêruda
|c Đào Xuân Quý dịch và giới thiệu
|
| 250 |
# |
# |
|a In lần thứ 2
|b có sửa chữa, bổ sung
|
| 260 |
# |
# |
|a H.
|b Văn học
|c 1974
|
| 300 |
# |
# |
|a 342 tr.
|c 19 cm.
|
| 650 |
# |
4 |
|a Chi Lê
|
| 650 |
# |
4 |
|a Thơ
|
| 650 |
# |
4 |
|a Văn học hiện đại
|
| 653 |
# |
# |
|a Nghiên cứu văn học
|
| 852 |
# |
# |
|b Kho đọc
|j KD.0007128
|
| 852 |
# |
# |
|j KD.0007128
|
| 910 |
0 |
# |
|a nhnam
|d 23/05/2011
|
| 980 |
# |
# |
|a Trung tâm Học liệu Lê Vũ Hùng, Trường Đại học Đồng Tháp
|